| 000 | 00369nam a2200145Ia 4500 | ||
|---|---|---|---|
| 008 | 150201s2002 xx 000 0 und d | ||
| 082 |
_a617.6 _bR2002W |
||
| 100 | _aWELLS ,JACKE E. | ||
| 245 | _aREVIEW OF BASIC SCIENCE CLINICAL DENTISTRY | ||
| 250 | _a1ST | ||
| 260 |
_bB.C.DECKER _aTORONTO _c2002 |
||
| 300 | _a1-466 | ||
| 650 | _aGENERAL DENTISTRY | ||
| 942 |
_2ddc _cBK |
||
| 999 |
_c3338 _d3338 |
||